000 00671nam a2200241Ia 4500
005 20260430150642.0
008 008 250103s9999 xx 000 0 eng d
037 _aTheses
040 _aCRL
040 _beng
040 _ceng
041 _2eng
041 _aeng
084 _qCRL
100 _aVishnoi Prama Au.; Vohra Anupama Gu.
_91238112
245 2 _aA Study of Bottom of the Pyramid (BOP) Consumers’ Mobile Social Network Behavior
260 _c2023
300 _a198p.
650 _aManagement
700 _aUniversity of Delhi. Faculty of Management Studies. Deptt. of Management Studies
_91236312
942 _cTH
999 _c1850304
_d1850304